Step Forward (Record no. 7570)

MARC details
000 -LEADER
fixed length control field 00415nam a22001457a 4500
003 - CONTROL NUMBER IDENTIFIER
control field NG-AbAUS
008 - FIXED-LENGTH DATA ELEMENTS--GENERAL INFORMATION
fixed length control field 150929b xxu||||| |||| 00| 0 eng d
020 ## - INTERNATIONAL STANDARD BOOK NUMBER
International Standard Book Number 09422361512
082 ## - DEWEY DECIMAL CLASSIFICATION NUMBER
Classification number 331.13
100 ## - MAIN ENTRY--PERSONAL NAME
Personal name Webb Susan L.
9 (RLIN) 573
245 ## - TITLE STATEMENT
Title Step Forward
Remainder of title Sexual Harassment in the Workplace:What yot need to Know
Statement of responsibility, etc Susan L. Webb
260 ## - PUBLICATION, DISTRIBUTION, ETC. (IMPRINT)
Place of publication, distribution, etc United States
Name of publisher, distributor, etc Mastermedia
Date of publication, distribution, etc 1991
300 ## - PHYSICAL DESCRIPTION
Extent ix,108p
942 ## - ADDED ENTRY ELEMENTS (KOHA)
Source of classification or shelving scheme Dewey Decimal Classification
Item type Book

No items available.